000 01054nam a2200229Ia 4500
001 L235-9306
003 IT-CnALBA
008 170116s9999||||xx |||||||||||||| ||und||
040 _aIT-CnALBA
_cIT-CnALBA
041 _aLATINO - MULTILINGUE
100 _aALEXANDRINA STATIELLORUM
245 0 _aBEATIFICATIONIS ET CANONIZATIONIS SERVAE DEI THERESIAE GRILLO MICHEL.
250 _a1a ed.
260 _a ROMA
_bBELLI E GUERRA TIPOGRAFIA
_c1963 [1° Ed.:1963 - Ed.Ling.Originale: 1963]
300 _a7 p.
500 _aCONGREGAZIONE DEI RITI. CARDINALE ALOISI MASELLA RELATORE. TERESA GRILLO. FONDATRICE DELLE FIGLIE DELLA PROVVIDENZA. GIUDIZIO DEI CENSORI SUGLI SCRITTI.
501 _aSocietà San Paolo EM - Piazza San Paolo, 14 - 12051 ALBA (CN) (non commercial uses only) ® Copyright 2017
520 _aCONGREGAZIONE DEI RITI. CARDINALE ALOISI MASELLA RELATORE. TERESA GRILLO. FONDATRICE DELLE FIGLIE DELLA PROVVIDENZA. GIUDIZIO DEI CENSORI SUGLI SCRITTI.
650 _aMARIA SS. ANGELI SANTI DEMONI
942 _cBK
957 _71
999 _a10282
_bNO
_g Copie: 1
_c268482
_d268482